000 00879cam a2200313 i 4500
001 768714001
003 CO-MdFUSB
005 20250531130716.0
007 ta
008 250529t1975 -sp||||| |||| 00| 0 eng d
020 _a84-7228-170-1
040 _cCO-MdFUSB
041 0 _aspa
082 0 4 _223
_a248.5
_b B87717c
100 1 _aBrown, Jack (1911-)
_eautor
240 _aMonkey off my back
245 1 0 _aEl crimen, la droga y yo
_c/ Jack Brown ; traducido por Jaime Cazorla
264 1 _bClie,
_aTerrassa, Barcelona, España :
_c[1975]
264 4 _c©1975
300 _a212 páginas
336 _atexto
_btxt
_2rdacontent
337 _2rdamedia
_asin mediación
_bn
338 _2rdacarrier
_avolumen
_bnc
563 _aRústico
650 0 _aVida cristiana
_919
700 _aJaime Cazorla,
_911606
_etraductor
942 _cBK
945 _aMiguel Gómez
999 _c36110
_d36110